书目信息 |
| 题名: |
揭墓
|
|
| 作者: | 骆汉城 著 | |
| 分册: | ||
| 出版信息: | 南京 江苏文艺出版社 2001 |
|
| 页数: | 237页 | |
| 开本: | 20cm | |
| 丛书名: | CCTV记者亲历丛书 | |
| 单 册: | ||
| 中图分类: | I25 | |
| 科图分类: | ||
| 主题词: | 纪实文学--中国--当代 | |
| 电子资源: | ||
| ISBN: | 7-5399-1652-4 | |
| 000 | 00836nam 2200253 450 | |
| 001 | 192004002760 | |
| 005 | 20070914100640.87 | |
| 010 | @a7-5399-1652-4@dCNY14.50 | |
| 100 | @a20070601d2001 ekmy0chiy0121 ea | |
| 101 | 0 | @achi |
| 102 | @aCN@b320000 | |
| 105 | @aa z 000yy | |
| 200 | 1 | @a揭墓@Ajie mu@e北京老山汉墓发掘秘闻@f骆汉城等著 |
| 210 | @a南京@c江苏文艺出版社@d2001 | |
| 215 | @a237页@c图@d20cm | |
| 225 | 2 | @aCCTV记者亲历丛书@ACCTV ji zhe qin li cong shu |
| 330 | @a本书记录了北京老山汉墓发掘的经过, 其中包括: “挖出古老的新名词”、“四大迷团笼罩老山汉墓”等。 | |
| 410 | 0 | @12001 @aCCTV记者亲历丛书 |
| 517 | 1 | @a北京老山汉墓发掘秘闻@Abei jing lao shan han mu fa jue bi wen |
| 606 | 0 | @a纪实文学@y中国@z当代 |
| 690 | @aI25@v4 | |
| 701 | 0 | @a骆汉城@Aluo han cheng@4著 |
| 801 | 0 | @aCN@c20070914 |
| 905 | @dI25@eL990 | |
| 揭墓:北京老山汉墓发掘秘闻/骆汉城等著.-南京:江苏文艺出版社,2001 |
| 237页:图;20cm.-(CCTV记者亲历丛书) |
| ISBN 7-5399-1652-4:CNY14.50 |
| 本书记录了北京老山汉墓发掘的经过, 其中包括: “挖出古老的新名词”、“四大迷团笼罩老山汉墓”等。 |
| ● |
| 相关链接 |
|
|
|
正题名:揭墓
索取号:I25/L990
 
预约/预借
| 序号 | 登录号 | 条形码 | 馆藏地/架位号 | 状态 | 备注 |
| 1 | 620881 | 206208815 | 文学库108/108文学库 65排9列1层/ [索取号:I25/L990] | 在馆 | |
| 2 | 620882 | 206208824 | 文学库108/108文学库 65排9列1层/ [索取号:I25/L990] | 在馆 | |
| 3 | 620883 | 206208833 | 文学库108/108文学库 65排9列1层/ [索取号:I25/L990] | 在馆 |